Sraffa y la economía clásica (Registro nro. 24350)

Detalles MARC
000 -LEADER
fixed length control field 00396 a2200133 4500
001 - CONTROL NUMBER
control field ART_8384
005 - DATE AND TIME OF LATEST TRANSACTION
control field 20260410161844.0
008 - FIXED-LENGTH DATA ELEMENTS--GENERAL INFORMATION
fixed length control field 260409a
100 1# - MAIN ENTRY--PERSONAL NAME
Personal name Bacha, Edmar L.
245 10 - TITLE STATEMENT
Title Sraffa y la economía clásica
700 1# - ADDED ENTRY--PERSONAL NAME
Personal name Carneiro, Dionisio D.
700 1# - ADDED ENTRY--PERSONAL NAME
Personal name Taylor, Lance J.
773 0# - HOST ITEM ENTRY
Title El trimestre económico
Related parts - Vol. XLIV, Nº 173 (ene./mar. 1977)
Record control number REV6933

No hay ítems disponibles.